000 00290nam a22001337a 4500
008 170725b xxu||||| |||| 00| 0 eng d
020 _aC9006829
041 _aeng
080 _a004
100 _a29
101 _aSHKI
245 _aMICROSOFT OFFICIAL COURSE
_cMICROSOFT
942 _2udc
_cBK
999 _c21897
_d21897